[Event "Pilsen Open 2014"]
[Site "Pilsen CZE"]
[Date "2014.11.26"]
[Round "4"]
[White "Bartos, Jan"]
[Black "Domanski, Lukasz"]
[Result "0-1"]
[WhiteElo "2194"]
[BlackElo "1889"]
[PlyCount "104"]
[EventDate "2014.11.23"]
[EventType "swiss"]
[EventRounds "7"]
[Source "lmi"]
[SourceDate "2014.11.23"]

1. d4 d6 2. Nf3 Bg4 3. e4 Nd7 4. c4 Bxf3 5. Qxf3 g6 6. Nc3 Bg7 7. Be3 c5 8. d5
Bxc3+ 9. bxc3 Ngf6 10. Bd3 Qa5 11. Bd2 Ne5 12. Qe2 Nfd7 13. O-O Nxd3 14. Qxd3
Qa4 15. Rfb1 Ne5 16. Qf1 O-O-O 17. Rb3 Nxc4 18. Bc1 Rhe8 19. Rab1 b6 20. Qe2 e6
21. Bg5 Rd7 22. Qd3 Na3 23. Rxa3 Qxa3 24. Qb5 Qxa2 25. Rb2 Qa5 26. Qc6+ Kb8 27.
Rb1 Red8 28. Bxd8 Rxd8 29. dxe6 fxe6 30. c4 Qa6 31. f3 Qb7 32. Qb5 d5 33. cxd5
exd5 34. e5 d4 35. e6 Qe7 36. h3 Qxe6 37. Qxc5 Qe1+ 38. Rxe1 bxc5 39. Kf1 d3
40. Rb1+ Kc7 41. Ke1 Kc6 42. Kd2 c4 43. Ra1 Kc5 44. Rxa7 c3+ 45. Kd1 d2 46.
Rc7+ Kd4 47. f4 Kd3 48. g4 Rd5 49. Rc8 Rb5 50. Rd8+ Ke4 51. Re8+ Kf3 52. Rd8
Rb1+ 0-1

[Event "Pilsen Open 2014"]
[Site "Pilsen CZE"]
[Date "2014.11.26"]
[Round "4"]
[White "Horyna, Josef"]
[Black "Tesar, Jan"]
[Result "0-1"]
[WhiteElo "1865"]
[BlackElo "2073"]
[PlyCount "140"]
[EventDate "2014.11.23"]
[EventType "swiss"]
[EventRounds "7"]
[Source "lmi"]
[SourceDate "2014.11.23"]

1. d4 Nf6 2. Nf3 g6 3. g3 Bg7 4. Bg2 O-O 5. O-O c6 6. c3 d6 7. Nbd2 Qc7 8. e4
Nbd7 9. Re1 e5 10. dxe5 dxe5 11. Nc4 Rd8 12. Qd6 Ne8 13. Qxc7 Nxc7 14. Nd6 Nb6
15. Nxc8 Raxc8 16. Bh3 Ra8 17. Bf1 Rd7 18. a4 Rad8 19. a5 Nc8 20. Bg5 f6 21.
Be3 a6 22. Bc4+ Kh8 23. Kg2 h6 24. h4 Nd6 25. Be2 Nxe4 26. Red1 Nd5 27. c4
Nxe3+ 28. fxe3 Bf8 29. Rxd7 Rxd7 30. Rd1 Rxd1 31. Bxd1 Bb4 32. Bc2 Nd6 33. b3
Kg7 34. e4 Bxa5 35. Kf2 Bc3 36. Ke2 c5 37. g4 Nf7 38. Kd3 Bd4 39. h5 Nd8 40.
hxg6 Kxg6 41. b4 Ne6 42. bxc5 Bxc5 43. Ba4 Nf4+ 44. Kc3 Nh3 45. Be8+ Kg7 46.
Bd7 Nf2 47. Bf5 a5 48. Kb3 Kf7 49. Ne1 Ke7 50. Nf3 Kd6 51. Nh4 Be3 52. Ng6 Kc5
53. Nf8 a4+ 54. Kxa4 Kxc4 55. Nd7 b5+ 56. Ka3 Kc3 57. Nxf6 b4+ 58. Ka4 Bd2 59.
Nd5+ Kc4 60. Nb6+ Kd4 61. Nd5 Nd3 62. Kb3 Nc5+ 63. Kc2 Be1 64. Ne7 b3+ 65. Kb2
Bc3+ 66. Ka3 b2 67. Ka2 Kd3 68. Nd5 Kc2 69. Nxc3 Kxc3 70. Kb1 Nb3 0-1

[Event "Pilsen Open 2014"]
[Site "Pilsen CZE"]
[Date "2014.11.26"]
[Round "4"]
[White "Eret, Jonas"]
[Black "Soutner, Jaroslav"]
[Result "1-0"]
[WhiteElo "2054"]
[BlackElo "1771"]
[PlyCount "55"]
[EventDate "2014.11.23"]
[EventType "swiss"]
[EventRounds "7"]
[Source "lmi"]
[SourceDate "2014.11.23"]

1. d4 Nf6 2. Nf3 d5 3. Bf4 e6 4. c3 Bd6 5. e3 O-O 6. Bd3 Bxf4 7. exf4 Nbd7 8.
Nbd2 c5 9. O-O cxd4 10. cxd4 b6 11. Qe2 Bb7 12. Ne5 Rc8 13. h3 Qe7 14. a3 Rc7
15. Rae1 Rfc8 16. Ng4 Ne8 17. f5 Nf8 18. f4 Qd8 19. Qf2 Nf6 20. Qe3 Nxg4 21.
hxg4 Rc6 22. Nf3 exf5 23. Bxf5 Ne6 24. Ne5 Rd6 25. Nxf7 Kxf7 26. Bxe6+ Kf8 27.
Bxc8 Qxc8 28. Qe7+ 1-0

[Event "Pilsen Open 2014"]
[Site "Pilsen CZE"]
[Date "2014.11.26"]
[Round "4"]
[White "Stengl, Jaroslav"]
[Black "Pribylova, Sofie"]
[Result "1/2-1/2"]
[WhiteElo "2024"]
[BlackElo "1763"]
[PlyCount "133"]
[EventDate "2014.11.23"]
[EventType "swiss"]
[EventRounds "7"]
[Source "lmi"]
[SourceDate "2014.11.23"]

1. c4 Nf6 2. Nc3 g6 3. g3 d5 4. cxd5 Nxd5 5. Bg2 Nb6 6. Nf3 Bg7 7. O-O O-O 8.
d3 h6 9. Bd2 Nc6 10. Rb1 Bd7 11. Re1 e5 12. b4 a6 13. Ne4 Be6 14. a4 Nd5 15.
Qc1 Kh7 16. Nc5 Bc8 17. Qc4 Nb6 18. Qc2 Nd7 19. Rec1 Nxc5 20. Qxc5 Bg4 21. Bc3
Nd4 22. Bxd4 exd4 23. Qxc7 Qd7 24. Qxd7 Bxd7 25. Nd2 Bxa4 26. Bxb7 Rae8 27. Ne4
Bb5 28. Kf1 Rb8 29. Bc6 Be5 30. f4 Bg7 31. Bxb5 Rxb5 32. Rc5 Rfb8 33. Ra1 Rxb4
34. Rca5 Rb1+ 35. Kf2 Rxa1 36. Rxa1 Ra8 37. Ra4 a5 38. Nd6 Kg8 39. Nc4 Kf8 40.
f5 gxf5 41. Kf3 Ke7 42. Rxa5 Rxa5 43. Nxa5 h5 44. Nc6+ Ke6 45. Nb4 Ke5 46. h3
Kd6 47. Nc2 Ke5 48. e3 dxe3 49. Nxe3 Bf6 50. d4+ Kxd4 51. Nxf5+ Ke5 52. Ne3 Bg5
53. Nd1 h4 54. g4 f5 55. Nf2 fxg4+ 56. Kxg4 Bd8 57. Nd3+ Ke6 58. Nf4+ Kf7 59.
Kh5 Kg8 60. Kg6 Kf8 61. Ne6+ Ke8 62. Ng7+ Kf8 63. Nf5 Kg8 64. Kh5 Kf7 65. Nxh4
Bxh4 66. Kxh4 Kg8 67. Kg5 1/2-1/2

[Event "Pilsen Open 2014"]
[Site "Pilsen CZE"]
[Date "2014.11.26"]
[Round "4"]
[White "Von Keyserlingk, Chanda"]
[Black "Paldus, Petr"]
[Result "0-1"]
[WhiteElo "1759"]
[BlackElo "2019"]
[PlyCount "84"]
[EventDate "2014.11.23"]
[EventType "swiss"]
[EventRounds "7"]
[Source "lmi"]
[SourceDate "2014.11.23"]

1. d4 d5 2. c4 c6 3. Nf3 e6 4. Nc3 f5 5. g3 Nf6 6. Bg2 Bd6 7. cxd5 exd5 8. O-O
O-O 9. Ne1 Be6 10. Nd3 Nbd7 11. Bf4 Bxf4 12. Nxf4 Bf7 13. Qc2 Ne4 14. f3 Nxc3
15. bxc3 g5 16. Nd3 Bg6 17. Qd2 Qe7 18. Rfe1 Rae8 19. Rac1 Nb6 20. Ne5 f4 21.
Nxg6 hxg6 22. Qc2 Kg7 23. g4 Nc4 24. Qb3 b5 25. Qb4 Qxb4 26. cxb4 Re3 27. Bf1
Ra8 28. Red1 a5 29. bxa5 Rxa5 30. Rc2 Rea3 31. Ra1 b4 32. Rb1 Rc3 33. Rbc1 Raa3
34. Kf2 Ne3 35. Rxc3 bxc3 36. Bh3 Rxa2 37. Ke1 c2 38. Kd2 Ra4 39. Kd3 Rc4 40.
Kd2 Rxd4+ 41. Kc3 Rd1 42. Kb2 c5 0-1

[Event "Pilsen Open 2014"]
[Site "Pilsen CZE"]
[Date "2014.11.26"]
[Round "4"]
[White "Vucko, Maja"]
[Black "Klucznik, Andre"]
[Result "1/2-1/2"]
[WhiteElo "1923"]
[BlackElo "1722"]
[PlyCount "66"]
[EventDate "2014.11.23"]
[EventType "swiss"]
[EventRounds "7"]
[Source "lmi"]
[SourceDate "2014.11.23"]

1. e4 c5 2. Nf3 g6 3. d4 Bg7 4. c3 Qc7 5. Be2 d6 6. O-O Nf6 7. Re1 O-O 8. Nbd2
b6 9. h3 Bb7 10. d5 Nbd7 11. Rb1 e6 12. c4 Rae8 13. b3 Nh5 14. Nf1 e5 15. Bd3
Nf4 16. Bc2 Nf6 17. Ng3 Bc8 18. Bxf4 exf4 19. Nf1 Nh5 20. Qd2 Re7 21. Bd3 Rfe8
22. Qc2 h6 23. N1d2 g5 24. Nh2 f5 25. Kf1 fxe4 26. Nxe4 Nf6 27. Nxf6+ Bxf6 28.
Ng4 Bxg4 29. hxg4 Rxe1+ 30. Rxe1 Rxe1+ 31. Kxe1 Qe7+ 32. Qe2 Qe5 33. Qxe5 Bxe5
1/2-1/2

[Event "Pilsen Open 2014"]
[Site "Pilsen CZE"]
[Date "2014.11.26"]
[Round "4"]
[White "Kopriva, Martin"]
[Black "Nemcova, Kamila"]
[Result "1-0"]
[WhiteElo "1889"]
[BlackElo "1633"]
[PlyCount "55"]
[EventDate "2014.11.23"]
[EventType "swiss"]
[EventRounds "7"]
[Source "lmi"]
[SourceDate "2014.11.23"]

1. e4 d5 2. exd5 Qxd5 3. Nc3 Qa5 4. d4 c6 5. Nf3 Nf6 6. Bd3 Bg4 7. O-O e6 8.
Bf4 Be7 9. Qe2 Qh5 10. Kh1 Nbd7 11. Qe3 Bxf3 12. gxf3 Nb6 13. Be4 h6 14. Rg1 g5
15. Be5 Nc4 16. Qe2 Nxe5 17. dxe5 Nd5 18. Nxd5 exd5 19. Bf5 O-O 20. Rg3 f6 21.
Rh3 Qe8 22. Rxh6 fxe5 23. Rg6+ Kh8 24. Qxe5+ Bf6 25. Qg3 Bg7 26. Qh3+ Kg8 27.
Be6+ Rf7 28. Rxg5 1-0

[Event "Pilsen Open 2014"]
[Site "Pilsen CZE"]
[Date "2014.11.26"]
[Round "4"]
[White "Bechynsky, Jan"]
[Black "Voith, Walter"]
[Result "1-0"]
[WhiteElo "1873"]
[BlackElo "1650"]
[PlyCount "41"]
[EventDate "2014.11.23"]
[EventType "swiss"]
[EventRounds "7"]
[Source "lmi"]
[SourceDate "2014.11.23"]

1. e4 d5 2. exd5 Qxd5 3. Nc3 Qa5 4. Nf3 Bg4 5. h3 Bf5 6. Bc4 e6 7. O-O Nf6 8.
d3 Nbd7 9. Be3 c6 10. a3 Ne5 11. b4 Nxf3+ 12. Qxf3 Qc7 13. b5 Nd5 14. Nxd5 cxd5
15. Bxd5 Rb8 16. Bxa7 Bxh3 17. Bxb8 Qxb8 18. Qxh3 exd5 19. Rfe1+ Be7 20. Re3
Qc7 21. Rae1 1-0

[Event "Pilsen Open 2014"]
[Site "Pilsen CZE"]
[Date "2014.11.26"]
[Round "4"]
[White "Hruby, Vaclav"]
[Black "Truksa, Vaclav"]
[Result "1/2-1/2"]
[WhiteElo "1690"]
[BlackElo "1818"]
[PlyCount "85"]
[EventDate "2014.11.23"]
[EventType "swiss"]
[EventRounds "7"]
[Source "lmi"]
[SourceDate "2014.11.23"]

1. d4 d5 2. Nf3 Nf6 3. c4 e6 4. Nc3 Nbd7 5. e3 c6 6. Qc2 Bd6 7. b3 Bc7 8. Bb2
Qe7 9. Bd3 O-O 10. O-O h6 11. cxd5 exd5 12. a4 Re8 13. Ba3 Qd8 14. b4 Nf8 15.
h3 Nh5 16. b5 Qf6 17. Nxd5 cxd5 18. Qxc7 Ng6 19. Bxg6 Qxg6 20. Ne5 Qf6 21. Qd6
Be6 22. Rac1 Qg5 23. f4 Qf5 24. Qb4 Ng3 25. Rfe1 Qe4 26. Qb1 Rac8 27. Qxe4 Nxe4
28. Bb2 Nd2 29. Rxc8 Rxc8 30. Rc1 f6 31. Rxc8+ Bxc8 32. Nf3 Nxf3+ 33. gxf3 Bxh3
34. e4 Be6 35. a5 b6 36. axb6 axb6 37. Ba3 Kf7 38. Bd6 Bd7 39. Bc7 Bxb5 40.
Bxb6 h5 41. Kf2 Ke6 42. Kg3 Bd3 43. Bd8 1/2-1/2

[Event "Pilsen Open 2014"]
[Site "Pilsen CZE"]
[Date "2014.11.26"]
[Round "4"]
[White "Leseticky, Vladimir"]
[Black "Simacek, Vaclav"]
[Result "0-1"]
[WhiteElo "1680"]
[BlackElo "1797"]
[PlyCount "64"]
[EventDate "2014.11.23"]
[EventType "swiss"]
[EventRounds "7"]
[Source "lmi"]
[SourceDate "2014.11.23"]

1. e4 Nc6 2. Nf3 e5 3. Bc4 Nf6 4. d4 exd4 5. Nxd4 Bc5 6. Nxc6 bxc6 7. O-O O-O
8. Bg5 Qe7 9. Bxf6 Qxf6 10. c3 Re8 11. Nd2 d6 12. Bd3 Rb8 13. Qc2 Re5 14. b4
Bb6 15. Nc4 Rh5 16. Be2 Rh6 17. g3 Bh3 18. Nxb6 Bxf1 19. Nd7 Qe6 20. Bxf1 Qxd7
21. Qe2 d5 22. Rd1 Re8 23. f3 Rd6 24. e5 Rh6 25. f4 f6 26. c4 fxe5 27. fxe5 Qe6
28. Re1 Qc8 29. Qd3 Qa6 30. Qc2 Qb6+ 31. c5 Qxb4 32. Rb1 Qd4+ 0-1

[Event "Pilsen Open 2014"]
[Site "Pilsen CZE"]
[Date "2014.11.26"]
[Round "4"]
[White "Berka, Lubos"]
[Black "Hlozek, David"]
[Result "0-1"]
[WhiteElo "1751"]
[BlackElo "1594"]
[PlyCount "74"]
[EventDate "2014.11.23"]
[EventType "swiss"]
[EventRounds "7"]
[Source "lmi"]
[SourceDate "2014.11.23"]

1. c4 e5 2. Nc3 Nf6 3. g3 d5 4. cxd5 Nxd5 5. Bg2 Nb6 6. d3 Nc6 7. Nf3 Be7 8.
O-O O-O 9. a3 Re8 10. b4 Bf8 11. Bb2 Rb8 12. Qc2 a6 13. Rac1 Bg4 14. Ne4 Qc8
15. Rfe1 Bh3 16. Red1 Bxg2 17. Kxg2 f5 18. Nc5 Kh8 19. Qb3 h6 20. a4 Bxc5 21.
Rxc5 Nd7 22. Rc2 e4 23. dxe4 fxe4 24. Nd4 Nxd4 25. Rxd4 Nf6 26. Rcd2 Qf5 27.
Rd1 Ng4 28. Rf1 Rf8 29. f3 exf3+ 30. exf3 Rbe8 31. Rxg4 Re2+ 32. Rf2 Rxf2+ 33.
Kxf2 Qxg4 34. Kg2 Qd7 35. Qe3 Qd6 36. Be5 Qg6 37. Bxc7 Qc2+ 0-1

[Event "Pilsen Open 2014"]
[Site "Pilsen CZE"]
[Date "2014.11.26"]
[Round "4"]
[White "Nemcova, Karin"]
[Black "Malkova, Adriana"]
[Result "1-0"]
[WhiteElo "1751"]
[BlackElo "1546"]
[PlyCount "73"]
[EventDate "2014.11.23"]
[EventType "swiss"]
[EventRounds "7"]
[Source "lmi"]
[SourceDate "2014.11.23"]

1. e4 c5 2. Nf3 Nc6 3. d4 cxd4 4. Nxd4 g6 5. Nc3 Bg7 6. Be3 Nf6 7. Bc4 O-O 8.
Bb3 a5 9. f3 d6 10. Qd2 Bd7 11. a4 Rb8 12. Ndb5 b6 13. g4 Ne5 14. Qe2 Bxb5 15.
Nxb5 Nfd7 16. O-O-O Nc5 17. Bxc5 bxc5 18. f4 Nc6 19. e5 Re8 20. Qc4 Rf8 21.
exd6 Nd4 22. Nxd4 cxd4 23. dxe7 Qxe7 24. Qd3 Rfc8 25. Kb1 Qc7 26. f5 Qf4 27.
fxg6 hxg6 28. h3 Qf6 29. Rhf1 Qb6 30. Bxf7+ Kh8 31. Bb3 Rc7 32. Qg3 g5 33. Rf5
Bh6 34. Rb5 Qa7 35. Rxb8+ Qxb8 36. Qe5+ Kh7 37. Qxd4 1-0

[Event "Pilsen Open 2014"]
[Site "Pilsen CZE"]
[Date "2014.11.26"]
[Round "4"]
[White "Malek, Milan"]
[Black "Friedel, Roland"]
[Result "1/2-1/2"]
[WhiteElo "1671"]
[BlackElo "1713"]
[PlyCount "50"]
[EventDate "2014.11.23"]
[EventType "swiss"]
[EventRounds "7"]
[Source "lmi"]
[SourceDate "2014.11.23"]

1. e4 e6 2. d4 d5 3. exd5 exd5 4. c4 Nf6 5. Nc3 Be7 6. Nf3 O-O 7. Bd3 dxc4 8.
Bxc4 c6 9. O-O Bg4 10. h3 Bxf3 11. Qxf3 Qxd4 12. Bb3 Nbd7 13. Be3 Qb4 14. Rad1
Qa5 15. Bd2 Qb6 16. Bg5 Qa5 17. Rxd7 Nxd7 18. Bxe7 Ne5 19. Qg3 Rfe8 20. Bf6 Ng6
21. Bd4 Rad8 22. Be3 Rd7 23. Rd1 Rxd1+ 24. Bxd1 a6 25. Bb3 Qd8 1/2-1/2

[Event "Pilsen Open 2014"]
[Site "Pilsen CZE"]
[Date "2014.11.26"]
[Round "4"]
[White "Stankova, Zuzana"]
[Black "Pospisil, Petr"]
[Result "0-1"]
[WhiteElo "1562"]
[BlackElo "1713"]
[PlyCount "96"]
[EventDate "2014.11.23"]
[EventType "swiss"]
[EventRounds "7"]
[Source "lmi"]
[SourceDate "2014.11.23"]

1. e4 e5 2. Nf3 Nf6 3. Nc3 d6 4. d4 exd4 5. Nxd4 Be7 6. Bc4 O-O 7. O-O a6 8.
Bb3 c5 9. Nf3 Bg4 10. Re1 Nc6 11. Be3 Ne5 12. Bd5 Qc7 13. Bf4 Nfd7 14. Qe2 Rad8
15. Qe3 Bh5 16. Nxe5 dxe5 17. Bg5 Nf6 18. Qg3 Bg6 19. Rad1 b5 20. Bxf6 Bxf6 21.
Ne2 c4 22. Nd4 Qc5 23. Nc6 Rd6 24. Nxe5 Bh5 25. Ng4 Bxg4 26. Qxg4 Bxb2 27. Qf4
Rf6 28. Qe3 Qc7 29. c3 Ba3 30. e5 Bc5 31. Qg5 Bxf2+ 32. Kh1 Rg6 33. Qf5 Bxe1
34. Rxe1 Rh6 35. h3 Qe7 36. Rf1 a5 37. Rb1 Rb6 38. Bxc4 Qc5 39. Bd3 g6 40. Qe4
Re8 41. Re1 Rbe6 42. Qd4 Qc7 43. Bxb5 Rxe5 44. Rf1 Rxb5 45. Qf6 Rbe5 46. Qf4
R8e7 47. Qd2 Re3 48. Rc1 Re2 0-1

[Event "Pilsen Open 2014"]
[Site "Pilsen CZE"]
[Date "2014.11.26"]
[Round "4"]
[White "Pribyl, Viktor"]
[Black "Baraniuk, Andrej"]
[Result "1-0"]
[WhiteElo "1491"]
[BlackElo "1681"]
[PlyCount "39"]
[EventDate "2014.11.23"]
[EventType "swiss"]
[EventRounds "7"]
[Source "lmi"]
[SourceDate "2014.11.23"]

1. d4 d5 2. Bf4 Nf6 3. e3 e6 4. Nd2 Bd6 5. Bg3 c5 6. c3 Nc6 7. Bd3 c4 8. Bc2
O-O 9. f4 Qb6 10. Rb1 Qc7 11. Ngf3 b5 12. Ne5 Bxe5 13. fxe5 Nd7 14. Qh5 g6 15.
Qh6 Ne7 16. O-O Qd8 17. Bh4 Kh8 18. Rf3 Rg8 19. Rxf7 Nf8 20. Bf6+ 1-0

[Event "Pilsen Open 2014"]
[Site "Pilsen CZE"]
[Date "2014.11.26"]
[Round "4"]
[White "Ruzicka, Vaclav"]
[Black "Nechutny, Michal"]
[Result "1-0"]
[WhiteElo "1671"]
[BlackElo "1478"]
[PlyCount "129"]
[EventDate "2014.11.23"]
[EventType "swiss"]
[EventRounds "7"]
[Source "lmi"]
[SourceDate "2014.11.23"]

1. Nf3 d5 2. c4 e6 3. g3 Nf6 4. Bg2 Be7 5. O-O O-O 6. cxd5 exd5 7. d4 Nc6 8.
Nc3 Be6 9. h3 Nd7 10. a3 Nb6 11. Qc2 Qd7 12. Kh2 Rad8 13. Bf4 a6 14. Rfd1 Bf5
15. Qc1 Bd6 16. Bxd6 Qxd6 17. Nh4 Bg6 18. Nxg6 fxg6 19. f3 h5 20. h4 Ne7 21. e4
c6 22. e5 Qe6 23. Bh3 Nf5 24. Ne2 Qe7 25. Nf4 Kh7 26. b3 Na8 27. Ra2 Nc7 28.
Bxf5 Rxf5 29. Rf2 Ne6 30. Nh3 Rdf8 31. f4 R8f7 32. b4 Rf8 33. Qe3 R8f7 34. Rdf1
Rf8 35. Kg2 Kg8 36. Ng5 Kh8 37. Qc3 Kg8 38. Nf3 Kh8 39. Nd2 Qc7 40. Nb3 Qb6 41.
Rc2 Rg8 42. Nc5 Nxc5 43. bxc5 Qc7 44. Rb1 Rb8 45. Rb6 Rf7 46. Rcb2 Ra8 47. Qc2
Kh7 48. Qb1 Ra7 49. e6 Re7 50. f5 gxf5 51. Qxf5+ g6 52. Qf6 Rg7 53. R6b3 Qe7
54. Rf3 Qxf6 55. Rxf6 Re7 56. Rbf2 Ra8 57. Rf7+ Rxf7 58. Rxf7+ Kg8 59. Rxb7 Re8
60. e7 Rc8 61. Rd7 Re8 62. Rd8 Kf7 63. Rd6 Rxe7 64. Rxc6 Ra7 65. Rd6 1-0

[Event "Pilsen Open 2014"]
[Site "Pilsen CZE"]
[Date "2014.11.26"]
[Round "4"]
[White "Steinkellner, Rudolf"]
[Black "Zoubek, Vladimir"]
[Result "1-0"]
[WhiteElo "1767"]
[BlackElo "1640"]
[PlyCount "43"]
[EventDate "2014.11.23"]
[EventType "swiss"]
[EventRounds "7"]
[Source "lmi"]
[SourceDate "2014.11.23"]

1. e4 c5 2. Nc3 e6 3. g3 Nc6 4. Bg2 Nf6 5. f4 d6 6. Nf3 Qc7 7. d3 a6 8. O-O Be7
9. h3 b6 10. b3 Bb7 11. Bb2 O-O 12. Kh2 Rad8 13. Ne2 Nd7 14. Qe1 Bf6 15. Bxf6
Nxf6 16. g4 Nb4 17. Qd2 Rfe8 18. Ng3 e5 19. f5 d5 20. g5 dxe4 21. gxf6 exf3 22.
Qg5 1-0

[Event "Pilsen Open 2014"]
[Site "Pilsen CZE"]
[Date "2014.11.27"]
[Round "5"]
[White "Burnett, Andrew"]
[Black "Roeder, Matthias"]
[Result "1/2-1/2"]
[WhiteElo "2269"]
[BlackElo "2411"]
[PlyCount "93"]
[EventDate "2014.11.23"]
[EventType "swiss"]
[EventRounds "7"]
[Source "lmi"]
[SourceDate "2014.11.23"]

1. e4 c5 2. Nc3 d6 3. f4 g6 4. Nf3 Bg7 5. d4 cxd4 6. Nxd4 Nc6 7. Nb3 Nf6 8. Be2
O-O 9. Be3 b6 10. O-O Bb7 11. Bf3 Nd7 12. Qd2 Rc8 13. Rad1 Nc5 14. Qf2 Qe8 15.
Nd4 Nxd4 16. Bxd4 e5 17. Be3 exf4 18. Bxf4 Na4 19. Nxa4 Qxa4 20. c3 Be5 21. Bh6
Rfe8 22. b3 Qd7 23. c4 Qe7 24. Qe3 Qh4 25. g3 Qe7 26. a4 Rc5 27. Rf2 Ba8 28.
Qe2 Bg7 29. Bf4 Be5 30. Be3 Rc7 31. Qd3 Bc6 32. Bc1 h5 33. Bg2 Bd7 34. Ba3 Bg4
35. Bf3 Bxf3 36. Qxf3 Qe6 37. Rd5 Rc6 38. Rfd2 Re7 39. Kg2 Kg7 40. Rxe5 dxe5
41. Bxe7 Qxe7 42. Rd5 Qb4 43. Qe3 Re6 44. Rd7 a6 45. Ra7 Rd6 46. Kh3 a5 47. Rb7
1/2-1/2

[Event "Pilsen Open 2014"]
[Site "Pilsen CZE"]
[Date "2014.11.27"]
[Round "5"]
[White "Ivanov, Mikhail"]
[Black "Kourousis, Epaminondas"]
[Result "1/2-1/2"]
[WhiteElo "2380"]
[BlackElo "2380"]
[PlyCount "101"]
[EventDate "2014.11.23"]
[EventType "swiss"]
[EventRounds "7"]
[Source "lmi"]
[SourceDate "2014.11.23"]

1. d4 Nf6 2. c4 e6 3. Nc3 Bb4 4. e3 O-O 5. Nge2 c6 6. a3 Ba5 7. Qc2 d5 8. Ng3
Nbd7 9. Be2 Bc7 10. O-O e5 11. cxd5 cxd5 12. Nb5 Bb8 13. Nf5 e4 14. Nbd6 Nb6
15. Nxc8 Nxc8 16. Bd2 g6 17. Ng3 h5 18. Rfc1 h4 19. Nf1 Kh8 20. Qb3 Nd6 21. a4
h3 22. g3 Qd7 23. a5 a6 24. Bb4 Re8 25. Nd2 Qf5 26. Qd1 Nb5 27. Nb3 Ba7 28. Bc5
Bb8 29. Rc2 Kg8 30. Rac1 Kg7 31. Bb4 Ba7 32. Nc5 Rab8 33. Na4 Rbd8 34. Bc5 Bb8
35. Bb6 Rd7 36. Rc8 Rxc8 37. Rxc8 Bd6 38. Bd8 Na7 39. Bxf6+ Qxf6 40. Rc1 Rc7
41. Nc3 Qe6 42. Bg4 f5 43. Bxh3 Bb4 44. Qa4 Qd6 45. Bf1 Bxc3 46. bxc3 g5 47.
Rb1 f4 48. Rb6 Nc6 49. Qd1 fxe3 50. fxe3 Rf7 51. c4 1/2-1/2

[Event "Pilsen Open 2014"]
[Site "Pilsen CZE"]
[Date "2014.11.27"]
[Round "5"]
[White "Ianov, Viktor"]
[Black "Chudinovskikh, Alexander M"]
[Result "1/2-1/2"]
[WhiteElo "2300"]
[BlackElo "2242"]
[PlyCount "23"]
[EventDate "2014.11.23"]
[EventType "swiss"]
[EventRounds "7"]
[Source "lmi"]
[SourceDate "2014.11.23"]

1. c4 e6 2. g3 d5 3. Bg2 Nf6 4. Nf3 Be7 5. O-O O-O 6. d4 dxc4 7. Qc2 a6 8. a4
Bd7 9. Nc3 Nc6 10. Rd1 Nb4 11. Qb1 Nc6 12. Bg5 1/2-1/2

[Event "Pilsen Open 2014"]
[Site "Pilsen CZE"]
[Date "2014.11.27"]
[Round "5"]
[White "Simantsev, Mikhail"]
[Black "Ilandzis, Spyridon"]
[Result "1-0"]
[WhiteElo "2452"]
[BlackElo "2148"]
[PlyCount "103"]
[EventDate "2014.11.23"]
[EventType "swiss"]
[EventRounds "7"]
[Source "lmi"]
[SourceDate "2014.11.23"]

1. d4 Nf6 2. c4 e6 3. Nc3 c5 4. d5 exd5 5. cxd5 d6 6. Nf3 g6 7. Bf4 a6 8. a4
Bg7 9. e3 O-O 10. h3 Re8 11. Nd2 Nbd7 12. Be2 Ne5 13. O-O Nfd7 14. Re1 f5 15.
Bh2 b6 16. Qc2 Bb7 17. f4 Nf7 18. Bc4 Nf6 19. Qd3 Bc8 20. Rab1 Ne4 21. Ndxe4
fxe4 22. Qe2 Qh4 23. Nd1 Bd7 24. Nf2 Bxa4 25. Bxa6 Bb3 26. Bb7 Ra5 27. Bc6 Re7
28. Ra1 Qf6 29. Rxa5 bxa5 30. Ng4 Qf5 31. Qb5 a4 32. Qb8+ Bf8 33. Bg3 h5 34.
Bh4 hxg4 35. Bxe7 Nh6 36. Bxd6 gxh3 37. Qxf8+ Qxf8 38. Bxf8 Kxf8 39. gxh3 Nf5
40. Kf2 Ne7 41. Rc1 Nxd5 42. Bxd5 Bxd5 43. Rxc5 Bb3 44. Kg1 Kf7 45. Re5 Bc2 46.
Kh1 Bd1 47. Kh2 Bc2 48. Kg3 Kf6 49. Kh4 Bd3 50. Rd5 Bc2 51. Kg4 Bb3 52. Rd6+
1-0

[Event "Pilsen Open 2014"]
[Site "Pilsen CZE"]
[Date "2014.11.27"]
[Round "5"]
[White "Egorov, Konstantin"]
[Black "Jurek, Josef"]
[Result "1/2-1/2"]
[WhiteElo "2089"]
[BlackElo "2301"]
[PlyCount "109"]
[EventDate "2014.11.23"]
[EventType "swiss"]
[EventRounds "7"]
[Source "lmi"]
[SourceDate "2014.11.23"]

1. d4 Nf6 2. c4 e6 3. Nf3 b6 4. a3 Ba6 5. Qc2 c5 6. d5 exd5 7. cxd5 g6 8. Nc3
Bg7 9. e4 Bxf1 10. Kxf1 O-O 11. Bf4 d6 12. h3 Re8 13. Re1 a6 14. a4 Ra7 15. g4
Rae7 16. Nd2 Rb7 17. Qd3 Bf8 18. Kg2 Nfd7 19. Nc4 Qc7 20. e5 dxe5 21. d6 Qc6+
22. f3 Re6 23. Nxe5 Nxe5 24. Rxe5 Rxd6 25. Qe4 Qxe4 26. Nxe4 Rd8 27. Nf6+ Kh8
28. Rhe1 Nc6 29. Re8 Rxe8 30. Rxe8 Kg7 31. g5 Re7 32. Rc8 Re2+ 33. Kf1 Re6 34.
Ne8+ Kg8 35. Nf6+ Kg7 36. Ne8+ Kg8 37. Bd6 Ne7 38. Bxe7 Rxe7 39. Nf6+ Kg7 40.
Ne8+ Kg8 41. Nf6+ Kg7 42. h4 Rb7 43. f4 b5 44. axb5 Rxb5 45. Ne8+ Kg8 46. Nf6+
Kg7 47. Ne8+ Kg8 48. Nf6+ Kg7 49. h5 gxh5 50. f5 c4 51. Nxh5+ Kg8 52. Nf6+ Kg7
53. Nh5+ Kg8 54. Nf6+ Kg7 55. Nh5+ 1/2-1/2

[Event "Pilsen Open 2014"]
[Site "Pilsen CZE"]
[Date "2014.11.27"]
[Round "5"]
[White "Grove, Michael"]
[Black "Kaiser, Dieter"]
[Result "0-1"]
[WhiteElo "2083"]
[BlackElo "2254"]
[PlyCount "136"]
[EventDate "2014.11.23"]
[EventType "swiss"]
[EventRounds "7"]
[Source "lmi"]
[SourceDate "2014.11.23"]

1. e4 e6 2. d4 d5 3. Nc3 Bb4 4. exd5 exd5 5. a3 Bxc3+ 6. bxc3 Nc6 7. Bd3 Qf6 8.
Qh5 Qe6+ 9. Ne2 Nf6 10. Qh4 Ne7 11. O-O O-O 12. Nf4 Qc6 13. Nh5 Nxh5 14. Qxh5
Ng6 15. Bd2 Be6 16. f4 f5 17. Rf3 Rf6 18. Rg3 Ne7 19. Re1 Raf8 20. Qe2 Nc8 21.
Re3 Bf7 22. Re5 Nd6 23. Rb1 a6 24. Be1 Ne4 25. Rb3 Re6 26. Rxf5 Ng3 27. hxg3
Rxe2 28. Bxe2 Bg6 29. Rxf8+ Kxf8 30. c4 dxc4 31. Bb4+ Kg8 32. Rc3 b5 33. f5
Bxf5 34. Rf3 g6 35. c3 Be4 36. Rf8+ Kg7 37. Rf2 h5 38. Bf8+ Kg8 39. Bb4 Qe6 40.
Kh2 c6 41. Bd1 Kg7 42. Be2 Bd3 43. Bf3 Qe1 44. Rb2 h4 45. gxh4 Qxh4+ 46. Kg1
Qe1+ 47. Kh2 Be4 48. Bxe4 Qh4+ 49. Kg1 Qxe4 50. g3 g5 51. Rf2 Kg6 52. Rb2 Kh5
53. Rf2 Kg4 54. Rg2 Qe1+ 55. Kh2 Kf3 56. g4 Qh4+ 57. Kg1 Qh3 58. Rf2+ Kxg4 59.
Rg2+ Kf4 60. Rf2+ Ke4 61. Rg2 Qe3+ 62. Kh2 Qf4+ 63. Kg1 g4 64. Re2+ Kd3 65. Rf2
Qg3+ 66. Rg2 Qf4 67. Rf2 Qe3 68. Kg2 Qh3+ 0-1

[Event "Pilsen Open 2014"]
[Site "Pilsen CZE"]
[Date "2014.11.27"]
[Round "5"]
[White "Domanski, Lukasz"]
[Black "Palek, Miroslav"]
[Result "0-1"]
[WhiteElo "1889"]
[BlackElo "2226"]
[PlyCount "56"]
[EventDate "2014.11.23"]
[EventType "swiss"]
[EventRounds "7"]
[Source "lmi"]
[SourceDate "2014.11.23"]

1. e4 c6 2. d4 d5 3. Nc3 dxe4 4. Nxe4 Bf5 5. Ng3 Bg6 6. h4 h6 7. Nf3 Nd7 8. h5
Bh7 9. Bd3 Bxd3 10. Qxd3 e6 11. Bd2 Ngf6 12. O-O-O Qc7 13. Qe2 c5 14. Rhe1 cxd4
15. Nxd4 Bc5 16. Nb5 Qb6 17. Bf4 O-O 18. Bc7 Qc6 19. Bd6 Rfd8 20. Bxc5 Nxc5 21.
Nd4 Qa4 22. c3 Qxa2 23. Qb5 Rac8 24. Kc2 a6 25. Qb4 Nd5 26. Qa3 Qxa3 27. bxa3
Na4 28. Rd3 Nf4 0-1